Lusitania (Registo nº 202145)

Detalhes MARC
000 -Etiqueta do registo
Valores 00680nam 22002173 4500
010 ## - Número ISBN
ISBN 2.7144.2678.6
100 ## - Dados gerais de processamento
Dados gerais 20230112d u||y0pory50 ba
200 ## - Titulo e menção de responsabilidade
Título próprio Lusitania
Primeira menção de responsabilidade Almeida Faria
Outras menções de responsabilidade traduit du portugais par Maryvonne Bouday, Anne-Marie Quint
210 ## - Publicação
Local de publicação Paris
Nome do editor Pierre Belfon
Data de publicação cop.1991
215 ## - Descrição física 
Paginação / Volumes 176, [3] p.
Outras indicações físicas brochado
Dimensões 23 cm
606 ## - Nome comum usado como assunto
Palavra de ordem Literatura Portuguesa
ID Autoridade 6
610 ## - Termos não controlados
Palavra de ordem Em Língua Francesa
675 ## - CDU
Notação 821.134.3-3
Edição FR
Língua fra
700 ## - Autor principal (pessoa individual)
ID Autoridade 1040
Apelido Faria
Nome Almeida
Datas 1943-
702 ## - Autor secundário (pessoa individual)
ID Autoridade 17286
Apelido Boudoy
Nome Maryvonne
702 ## - Autor secundário (pessoa individual)
ID Autoridade 17287
Apelido Quint
Nome Anne-Marie
801 ## - Fonte de origem
País PT
Agência BMMN
Regras de catalogação RPC
830 ## - Notas gerais do catalogador
Criado por Ana Falardo
Indexado por Ana Falardo
990 ## - Elementos KOHA
Tipo de documento Livro
Exemplares
Situação do levantamento Biblioteca de origem Código de barras Cota Permissão de empréstimo Tipo de documento Nota relativa ao exemplar Forma de aquisição
  Biblioteca Municipal de Montemor-o-Novo 31576 821.134.3-3 FAR|SAF   Livro Acesso Condicionado Oferta

Powered by Koha